000 00989nas a2200301 4500
001 BR2014004566
003 BR-BrBNA
005 20231205124308.0
007 ta
008 230509b bl.|||p| |||| 00| 00por d
040 _aBR-BrBNA
_bpor
_cBiblioteca Nacional de Agricultura
041 _a(En)
072 _aL40; L52
100 1 _aGuimarães-Cruz, R.J.
100 1 _aVeloso-Júnior, V.C.
100 1 _aSales, N.G.
100 1 _aOliveira, D.A.A.
100 1 _aSantos, J.E.
245 1 _aAllometric growth patterns in hatchery-reared larvae of the catfish Lophiosilurus alexandri (Pisces: Pseudopimelodidae)
650 _aPEIXE DE ÁGUA DOCE
650 _aLARVA
650 _aCRIAÇÃO EM CATIVEIRO
650 _aPERFORMANCE
650 _aMORFOLOGIA ANIMAL
773 0 _tArquivo Brasileiro de Medicina Veterinária e Zootecnia (Brazil)
_xISSN 0102-0935
_g(Feb 2014), v. 66(1) p. 284-288
_wBR2014004566
909 _a202311
_bLúcia
_c55
_dLúcia Elande
942 _2AGRIS
_n0
_cANA
999 _c238327
_d238327